Χώροι παιδιών : η παιδική ηλικία μέσα από τις αντιλήψεις για το χώρο

Αποθηκεύτηκε σε:
Λεπτομέρειες βιβλιογραφικής εγγραφής
Κύριος συγγραφέας: Κρέτση, Βασιλική
Συγγραφή απο Οργανισμό/Αρχή: Πανεπιστήμιο Αιγαίου. Σχολή Κοινωνικών Επιστημών. Τμήμα Κοινωνικής Ανθρωπολογίας και Ιστορίας. Πρόγραμμα Μεταπτυχιακών Σπουδών Κοινωνική και Ιστορική Ανθρωπολογία
Άλλοι συγγραφείς: Καντσά, Βενετία (dgsf), Trakas, Deanna J. (dgsf)
Μορφή: Thesis Βιβλίο
Γλώσσα:Greek
Δημοσίευση: 2008.
Θέματα:
Διαθέσιμο Online:http://hdl.handle.net/11610/14483
Ετικέτες: Προσθήκη ετικέτας
Δεν υπάρχουν, Καταχωρήστε ετικέτα πρώτοι!

MARC

LEADER 00000cam a2200000 i 4500
001 1/868
008 090818s2008 gr | ||| |||| ||gre||
035 |l 10105390 
040 |a GR-MyUa  |b gre  |e AACR2 
041 0 |a gre 
082 7 |a 305.23   |2 (22) 
100 1 |a Κρέτση, Βασιλική. 
245 1 0 |a Χώροι παιδιών :   |b η παιδική ηλικία μέσα από τις αντιλήψεις για το χώρο /   |c Βασιλική Κρέτση ; επιβλέποντες: Βενετία Καντσά, Ντιάνα Τράκα, Γιάννης Γιαννιτσιώτης. 
260 |c 2008. 
300 |a 101 σ. ;   |c 30 εκ. 
502 |a Διατριβή (μεταπτυχιακή) – Πανεπιστήμιο Αιγαίου, Λέσβος, 2008. 
504 |a Βιβλιογραφία: σ. 97-101. 
650 0 0 |a Children  |x Attitudes. 
650 0 0 |a Space perception in children. 
650 0 0 |a Perception in children. 
650 0 0 |a Children and adults. 
650 0 0 |a Parenthood. 
650 0 0 |a Dissertations, Academic  |z Greece. 
700 1 |a Γιαννιτσιώτης, Γιάννης,  |e dgs 
700 1 |a Καντσά, Βενετία,  |e dgsf 
700 1 |a Trakas, Deanna J.  |e dgsf 
710 2 |a Πανεπιστήμιο Αιγαίου.   |b Σχολή Κοινωνικών Επιστημών.   |b Τμήμα Κοινωνικής Ανθρωπολογίας και Ιστορίας.   |b Πρόγραμμα Μεταπτυχιακών Σπουδών Κοινωνική και Ιστορική Ανθρωπολογία. 
852 |a INST  |b LESVOS  |c DIATR  |e 20090818  |h 127  |p 005100045709  |q 005100045709  |t MTXE  |y 23 
852 |a INST  |b LESVOS  |c DIATR  |e 20090818  |h 128  |p 005100045710  |q 005100045710  |t MTXE  |y 23 
856 |u http://hdl.handle.net/11610/14483 
901 |a BIBL1-2009-2 
924 |a Κρέτση  |b Βασιλική  |y Λέσβος  |z 2008-05 
970 |a ΤΖΑΦΕΡΗ  |b ΕΥΑΓΓΕΛΙΑ  |z 2009/08/18